| 000 | 01069nam a22003137i 4500 | ||
|---|---|---|---|
| 003 | URS | ||
| 005 | 20250728150622.0 | ||
| 008 | 141106t20152015at a b 000 0 eng d | ||
| 020 | _a978-1-285-08525-8 | ||
| 040 |
_bEnglish _cURS _erda |
||
| 050 | 0 | 0 |
_aQA76.9.D26 _bU436 2015 |
| 100 | 1 |
_aUmanath, Narayan S., _eauthor. |
|
| 245 | 1 | 0 |
_aData modeling and database design / _cNarayan S. Umanath, Richard W. Scamell. |
| 250 | _aSecond edition. | ||
| 264 | 1 |
_aNew York : _bCengage Learning, _c©2015. |
|
| 300 |
_axxiv, 754 pages : _billustrations ; _c24 cm. |
||
| 336 |
_atext _btxt _2rdacontent |
||
| 337 |
_aunmediated _bn _2rdamedia |
||
| 338 |
_avolume _bnc _2rdacarrier |
||
| 504 | _aIncludes bibliographical references and index. | ||
| 650 | 0 | _aDatabase design. | |
| 650 | 0 | _aComputer architecture. | |
| 650 | 0 | _aEntity-relationship modeling. | |
| 650 | 0 | _aRelational databases. | |
| 650 | 0 | _aSQL (Computer program language) | |
| 650 | 0 | _aObject-oriented programming (Computer science) | |
| 700 |
_aScamell, Richard W., _eauthor. _96287 |
||
| 942 |
_2lcc _cFR |
||
| 999 |
_c10731 _d10731 |
||